LIBRARY & INFORMATION CENTRE, KCAET, TAVANUR

ONLINE PUBLIC ACCESS CATALOGUE (OPAC)

Normal view MARC view
  • Hall, D.O

Entry Personal Name

Number of records used in: 1

001 - CONTROL NUMBER

  • control field: 7686

003 - CONTROL NUMBER IDENTIFIER

  • control field: OSt

005 - DATE AND TIME OF LATEST TRANSACTION

  • control field: 20250804160027.0

008 - FIXED-LENGTH DATA ELEMENTS

  • fixed length control field: 250804|| aca||aabn | a|a d

040 ## - CATALOGING SOURCE

  • Original cataloging agency: OSt
  • Transcribing agency: OSt

100 ## - HEADING--PERSONAL NAME

  • Personal name: Hall, D.O

670 ## - SOURCE DATA FOUND

  • Source citation: Work cat.: (OSt)6769: Palz, W . 1453, Energy from biomass / , 1985.
free website counter